Vững bước vào đời sản xuất và cạnh tranh Hành trang cho bạn trẻ đi vào con đường sản xuất kinh danh. Chìa khóa của những vấn đề tổ chức phát triển sản xuất, quản trị danh nghiệp và tranh thương. những bài học kinh nghiệm của các nước kinh tế phát triển, đặc biệt là Nhật Bản
Kaydedildi:
| Yazar: | |
|---|---|
| Materyal Türü: | Kitap |
| Baskı/Yayın Bilgisi: |
Tp. Hồ Chí Minh
Phương Đông
2006
|
| Konular: | |
| Etiketler: |
Etiketle
Etiket eklenmemiş, İlk siz ekleyin!
|
| Thư viện lưu trữ: | Trung tâm Học liệu Lê Vũ Hùng, Trường Đại học Đồng Tháp |
|---|
| LEADER | 01182pam a22003018a 4500 | ||
|---|---|---|---|
| 001 | 00034528 | ||
| 008 | 161005s2006 ||||||Viesd | ||
| 005 | 20171026081025.0 | ||
| 020 | # | # | |c 27000 |
| 041 | 0 | # | |a Vie |
| 082 | 1 | 4 | |a 338.6 |b V556B |
| 100 | 1 | # | |a Phạm, Côn Sơn |
| 245 | 1 | 0 | |a Vững bước vào đời sản xuất và cạnh tranh |c Phạm Côn Sơn |b Hành trang cho bạn trẻ đi vào con đường sản xuất kinh danh. Chìa khóa của những vấn đề tổ chức phát triển sản xuất, quản trị danh nghiệp và tranh thương. những bài học kinh nghiệm của các nước kinh tế phát triển, đặc biệt là Nhật Bản |
| 260 | # | # | |a Tp. Hồ Chí Minh |b Phương Đông |c 2006 |
| 300 | # | # | |a 217 tr. |c 19 cm. |
| 653 | # | # | |a Cạnh Tranh |
| 653 | # | # | |a Sản xuất |
| 653 | # | # | |a Kinh Tế |
| 653 | # | # | |a Kinh Doanh |
| 852 | # | # | |j KD.0017514 |
| 852 | # | # | |b Kho đọc |j KD.0017514 |
| 910 | |d 05/10/2016 | ||
| 980 | # | # | |a Trung tâm Học liệu Lê Vũ Hùng, Trường Đại học Đồng Tháp |